| 000 | 00758cam a2200229 i 4500 | ||
|---|---|---|---|
| 001 | bg | ||
| 003 | KOSZ 005 | ||
| 005 | 20200408130907.0 | ||
| 008 | 101010s1971 pl f |000 0 pol d | ||
| 040 | _cBPK | ||
| 080 | _a517 | ||
| 080 | _a(075.8+076) | ||
| 100 | 1 |
_aKrysicki, Włodzimierz _d(1905-2001) _eAutor |
|
| 245 | 1 | 0 |
_aAnaliza matematyczna w zadaniach. _nCz. 1 / _cWłodzimierz Krysicki, Lech Włodarski. |
| 250 | _aWyd.9. | ||
| 260 |
_aWarszawa, _c1971. |
||
| 655 | _aĆwiczenia i zadania dla szkół wyższych | ||
| 650 | 4 | _aAnaliza matematyczna | |
| 700 | 1 |
_aWłodarski, Lech _d(1916-1997) _eAutor |
|
| 856 |
_uhttp://koha.tu.koszalin.pl/cgi-bin/koha/opac-detail.pl?biblionumber=219 _yKatalog online BPK |
||
| 942 |
_cKS _2UKD |
||
| 999 |
_c219 _d219 |
||